A simple vista /

Guardado en:
Autor Principal: Franco, Guillermo
Formato: Deslizar
Series:SOS Vida
Materias:
Etiquetas: Agregar Etiqueta
Sin Etiquetas, Sea el primero en etiquetar este registro!
LEADER 00878ngm a22002775g 4500
001 CEM.cems021514
008 130507b1992##################0###0#####d
005 20240827135727.0
245 1 0 |a A simple vista /  |c Guillermo Franco. 
300 |a 33 
490 0 |a SOS Vida 
500 |a En soporte VHS, consultar en ventanilla. 
505 0 |a Órgano de la visión animal. Aves, mamíferos, insectos. Proceso y mecanismo de la visión. 
538 |a Soporte: VHS - Norma: Pal N - Color - Grabación Drd 1992 - Hitachi=2020 
100 1 |a Franco, Guillermo 
082 5 9 |/ ESP 
653 |a ZOOLOGIA 
653 |a AVES 
653 |a MAMIFEROS 
653 |a INSECTOS 
653 |a VISION ANIMAL 
653 |a SENTIDOS 
653 |a COMPORTAMIENTO ANIMAL 
653 |a ANIMALES 
653 |a NIVEL SECUNDARIO 
859 |a CEMS  |b BIB. CEMS - Depto. Recursos Didacticos  |h 590  |i ESP  |k DRD  |p 157.12  |t Ej.1